| 000 | 00752cam a2200277 i 4500 | ||
|---|---|---|---|
| 999 |
_c200449280 _d67492 |
||
| 003 | TR-AnTOB | ||
| 005 | 20230729001320.0 | ||
| 007 | ta | ||
| 008 | 211006s1956 tu 000 0 tur d | ||
| 040 |
_aTR-AnTOB _beng _erda _cTR-AnTOB |
||
| 041 | 0 | _atur | |
| 050 | 0 | 0 |
_aHD31 _b.S26 1956 |
| 090 | 0 | 0 |
_aTOBBK HD31 _b.S26 1956 |
| 245 | 0 | 0 | _aSanayide nezaretçi. |
| 250 | _a2. bs. | ||
| 264 | 1 |
_aAnkara : _bBakanlıklararası Prodüktivite Komitesi Sanayi Merkezi, _c1962. |
|
| 300 |
_a32 pages ; _c25 cm |
||
| 336 |
_btxt _2rdacontent |
||
| 337 |
_bn _2rdamedia |
||
| 338 |
_bnc _2rdacarrier |
||
| 500 | _aYetişkin | ||
| 650 | 7 |
_aEndüstriyel yönetim _2etuturkob _96479 |
|
| 942 |
_2z _cBK |
||